[Event "Bundesliga 2009-10"]
[Site "Germany GER"]
[Date "2009.10.17"]
[Round "1"]
[White "Thiede,L"]
[Black "Heinemann,T"]
[Result "1/2-1/2"]
[WhiteElo "2450"]
[BlackElo "2484"]
[EventDate "2009.10.17"]

1. g3 d5 2. Bg2 e5 3. d3 c6 4. Nf3 Bd6 5. O-O Nf6 6. Nc3 O-O 7. e4 dxe4 8.
dxe4 Bg4 9. h3 Bxf3 10. Qxf3 Nbd7 11. Rd1 Qc7 12. h4 Rfd8 13. Bh3 Be7 14.
a4 Nc5 15. Rxd8+ Rxd8 16. a5 b5 17. axb6 axb6 18. Qe2 b5 19. f3 Ncd7 20.
Nd1 Bc5+ 21. Nf2 Nb6 22. Kg2 Ra8 23. Rxa8+ Nxa8 24. Nd3 Bd6 25. b3 Nb6 26.
Bb2 Nfd7 27. Qd2 c5 28. Nf2 c4 29. Bc3 Nc5 30. Qd1 h5 31. Ba5 Nb7 32. Be1
Be7 33. Qa1 Nc5 34. b4 Nca4 35. c3 g6 36. Bd2 Qd6 37. Qc1 Bd8 38. Kh2 Kf8
39. f4 Bf6 40. f5 Ke8 41. Be3 Bd8 42. Qc2 Nd7 1/2-1/2

[Event "Bundesliga 2009-10"]
[Site "Germany GER"]
[Date "2009.10.18"]
[Round "2"]
[White "Saltaev,M"]
[Black "Goriachnik,D"]
[Result "1-0"]
[WhiteElo "2492"]
[BlackElo "2324"]
[EventDate "2009.10.17"]

1. e4 c5 2. Nf3 Qa5 3. Nc3 g6 4. d3 Bg7 5. Bd2 Nc6 6. a4 d6 7. Be2 e6 8.
O-O a6 9. Qc1 Qc7 10. Re1 h6 11. Nd1 Bd7 12. Ne3 Nge7 13. Nc4 O-O-O 14. Bc3
e5 15. a5 Kb8 16. Nb6 Be6 17. Rb1 d5 18. exd5 Nxd5 19. Nxd5 Rxd5 20. Nd2
Nd4 21. Nc4 f5 22. Bf1 Bf7 23. b4 1-0

[Event "Bundesliga 2009-10"]
[Site "Germany GER"]
[Date "2009.12.13"]
[Round "6"]
[White "Jahnz,F"]
[Black "Siebrecht,S"]
[Result "0-1"]
[WhiteElo "2184"]
[BlackElo "2456"]
[EventDate "2009.10.17"]

1. e4 c5 2. c3 g6 3. d4 cxd4 4. cxd4 d5 5. Nc3 dxe4 6. Bc4 Bg7 7. Qb3 e6 8.
d5 exd5 9. Nxd5 Nf6 10. Bg5 O-O 11. Rd1 Nbd7 12. Ne2 a6 13. O-O b5 14.
Nxf6+ Bxf6 15. Bd5 Rb8 16. Bf4 Rb6 17. Be3 Qe7 18. Bxb6 Nxb6 19. Nc3 e3 20.
fxe3 Be5 21. Bf3 Be6 22. Nd5 Nxd5 23. Bxd5 Qh4 24. h3 Bxh3 25. Rxf7 Bh2+
26. Kh1 Bg4 27. Rf4+ Kg7 28. Rxg4 Qh5 29. Bf3 Rxf3 30. Qc3+ Be5+ 0-1

[Event "Bundesliga 2009-10"]
[Site "Germany GER"]
[Date "2010.02.27"]
[Round "10"]
[White "Najer,E"]
[Black "Nikolic,Pr"]
[Result "1/2-1/2"]
[WhiteElo "2681"]
[BlackElo "2603"]
[EventDate "2009.10.17"]

1. e4 e5 2. Nf3 Nc6 3. Bb5 a6 4. Ba4 Nf6 5. O-O Be7 6. Re1 b5 7. Bb3 d6 8.
c3 O-O 9. h3 Be6 10. Bxe6 fxe6 11. d4 h6 12. Nbd2 Qe8 13. a4 Qf7 14. dxe5
dxe5 15. Qb3 Nd7 16. axb5 Nc5 17. Qa2 axb5 18. Qxa8 Rxa8 19. Rxa8+ Kh7 20.
b4 Na4 21. Re3 Bd6 22. Nb3 Nb6 23. Ra2 Qe8 24. Re1 Ne7 25. Be3 Nec8 26. Na5
Na4 27. Rc1 Qg6 28. Nd2 Qh5 29. Ndb3 Qg6 30. Nd2 Qe8 31. Kh2 c5 32. Nb7 c4
33. Nxd6 Nxd6 34. f3 Qc6 35. Nf1 Kg6 36. Ng3 Kf7 37. Nh1 Ne8 38. Nf2 Nf6
39. Rd2 Qc7 40. Nd1 Qe7 41. Ra1 Kg6 42. Nb2 Nxc3 43. Bc5 Qb7 44. Rc2 Ncxe4
45. fxe4 Qxe4 46. Rc3 Qf4+ 47. Rg3+ Kh7 48. Be3 Qf5 49. Nd1 e4 50. Ra7 Nh5
51. Rg4 Qe5+ 52. Kg1 c3 53. Nf2 c2 54. Rxe4 Qd5 55. Rg4 Qb3 56. Bc1 Qd5 57.
Be3 Qe5 58. Re4 Qd5 59. Rg4 1/2-1/2

[Event "Bundesliga 2009-10"]
[Site "Germany GER"]
[Date "2010.03.20"]
[Round "12"]
[White "Hoffmann,Micha1"]
[Black "Sarbok,T"]
[Result "1-0"]
[WhiteElo "2513"]
[BlackElo "2319"]
[EventDate "2009.10.17"]

1. d4 d5 2. c4 c6 3. Nf3 Nf6 4. Nc3 e6 5. Bg5 Nbd7 6. e3 Be7 7. Bd3 O-O 8.
O-O dxc4 9. Bxc4 c5 10. Qe2 cxd4 11. Nxd4 Ne5 12. Rfd1 Qa5 13. Ne4 Nxc4 14.
Qxc4 Nd5 15. Bxe7 Nxe7 16. Rac1 Nd5 17. Nd6 Nb6 18. Qb3 e5 19. Nxf7 Qd5 20.
Qxd5 Nxd5 21. Nxe5 Re8 22. Nc4 Bg4 23. f3 Bh5 24. e4 Nf4 25. g3 Nh3+ 26.
Kg2 Ng5 27. g4 Bxg4 28. fxg4 Rxe4 29. h3 Rd8 30. Nf3 Rxd1 31. Rxd1 Nxf3 32.
Rd8+ 1-0

[Event "Bundesliga 2009-10"]
[Site "Germany GER"]
[Date "2010.03.20"]
[Round "12"]
[White "Thinius,M"]
[Black "Polaczek,R"]
[Result "1/2-1/2"]
[WhiteElo "2375"]
[BlackElo "2381"]
[EventDate "2009.10.17"]

1. e4 Nf6 2. e5 Nd5 3. d4 d6 4. c4 Nb6 5. exd6 cxd6 6. Nc3 g6 7. Be3 Bg7 8.
Rc1 O-O 9. b3 f5 10. d5 f4 11. Bd4 e5 12. dxe6 Bxd4 13. Qxd4 Bxe6 14. Nf3
Nc6 15. Qd2 Qe7 16. Be2 d5 17. cxd5 Rad8 18. O-O Nxd5 19. Nxd5 Bxd5 20. Qb2
Qg7 21. Qxg7+ Kxg7 22. Rfd1 Bxf3 23. Bxf3 Nd4 24. Rc7+ Rf7 25. Rxf7+ Kxf7
26. Kf1 b6 27. Bg4 h5 28. Be2 Kf6 29. h4 Rd6 30. g3 Ke5 31. Bc4 b5 32. Bd3
Nf5 33. Re1+ Kf6 34. Bxf5 Kxf5 35. Re7 fxg3 36. fxg3 Kg4 37. Rxa7 Kxg3 38.
a4 bxa4 39. Rxa4 Rb6 40. Rc4 Rxb3 41. Rc6 Rb1+ 42. Ke2 Kxh4 43. Rxg6 Kh3
44. Kf2 h4 45. Rg8 Kh2 46. Rg4 h3 47. Rg8 Rb2+ 48. Kf1 Rg2 49. Rh8 Rg4 50.
Rf8 Ra4 51. Kf2 Ra2+ 52. Kf1 Rg2 53. Rh8 Rg5 54. Rf8 Rg1+ 55. Kf2 1/2-1/2

[Event "Bundesliga 2009-10"]
[Site "Germany GER"]
[Date "2010.04.11"]
[Round "15"]
[White "Seger,R"]
[Black "Handke,F"]
[Result "*"]
[WhiteElo "2407"]
[BlackElo "2513"]
[EventDate "2009.10.17"]

1. e4 c5 2. c3 d5 3. exd5 Qxd5 4. d4 Nf6 5. Nf3 e6 6. Be3 cxd4 7. cxd4 Bb4+
8. Nc3 O-O 9. Bd3 b6 10. O-O Bxc3 11. bxc3 Ba6 12. Bxa6 Nxa6 13. Qe2 Nb8
14. Ne5 Nc6 15. Nxc6 Qxc6 16. c4 Rac8 17. Rfc1 Rfd8 18. a4 Qe4 19. f3 Qc6
20. a5 h6 21. axb6 axb6 22. Rab1 *

[Event "Bundesliga 2009-10"]
[Site "Germany GER"]
[Date "2010.04.11"]
[Round "15"]
[White "Dinstuhl,V"]
[Black "Kolbus,D"]
[Result "*"]
[WhiteElo "2417"]
[BlackElo "2355"]
[EventDate "2009.10.17"]

1. d4 d5 2. c4 c6 3. Nc3 Nf6 4. Nf3 dxc4 5. a4 Bf5 6. e3 Bd3 7. Bxd3 cxd3
8. Qxd3 e6 9. O-O Na6 10. Rd1 Be7 11. e4 h6 12. Ne5 Nb4 13. Qg3 Kf8 14. Be3
Kg8 15. Rac1 Qe8 16. Qf3 Kh7 17. g4 Rf8 18. Kg2 *